Brawlers com atordoamento no Brawl Stars - Statistics

Estatísticas Gerais
  • Esse quiz foi jogado 7 vezes
    3 desde o último reset
  • A pontuação média é 10 de 18
Estatísticas das Respostas
Resposta % Correto
Bull
100%
Fang
100%
Frank
100%
Buzz
67%
Chester
67%
Lumi
67%
Mico
67%
Otis
67%
Bo
33%
Bonnie
33%
Dynamike
33%
Finx
33%
Gale
33%
Kit
33%
Maisie
33%
Meeple
33%
Nita
33%
Sandy
33%
Nenhum quiz correspondente encontrado
Distribuição das Pontuações
Porcentagem de Pessoas com Cada Pontuação
Percentil de Números Respondidos
Sua Pontuação Histórica
Você não jogou esse quiz desde o último reset